Ordenamiento territorial: experiencias latinoamericanas /
Tallennettuna:
| Päätekijä: | |
|---|---|
| Aineistotyyppi: | Teksti |
| Aiheet: | |
| Tagit: |
Lisää tagi
Ei tageja, Lisää ensimmäinen tagi!
|
MARC
| LEADER | 00000 a a2200000 04500 | ||
|---|---|---|---|
| 001 | 16163 | ||
| 003 | |||
| 040 | |||
| 100 | |a Chávez, Cesar | ||
| 245 | |a Ordenamiento territorial: |b experiencias latinoamericanas / |c Cesar Chávez | ||
| 650 | |a ADMINISTRACION DE TIERRAS | ||
| 650 | |a PARTICIPACION SOCIAL | ||
| 650 | |a REFORMA ADMINISTRATIVA | ||
| 650 | |a PLANIFICACION REGIONAL | ||
| 650 | |a DESCENTRALIZACION | ||
| 650 | |a DEFORESTACION | ||
| 773 | |g número 52; páginas 69-88 | ||
| 999 | |c 38350 |d 38350 | ||
